| 000 | 00562nam a2200217Ia 4500 | ||
|---|---|---|---|
| 008 | 180523s9999 xx 000 0 und d | ||
| 020 | _a81-7809-115-1 | ||
| 050 | _aMAIN RM 222.2 | ||
| 050 | _b.I76 2002 | ||
| 100 | _aIrons, Diane. | ||
| 245 | 4 | _aThe World's best-kept diet secrets : | |
| 245 | 0 | _blose weight quickly, safely and permanently / | |
| 245 | 0 | _cDiane Irons. | |
| 260 | _aMumbai : | ||
| 260 | _bMagna Publishing, | ||
| 260 | _c2002 | ||
| 300 | _a326 pages : | ||
| 300 | _c15 cm. | ||
| 500 | _aIncludes index. | ||
| 650 | _aWeight loss. | ||
| 999 |
_c357664 _d357664 |
||